Understanding Computer Science (Record no. 24454)

MARC details
000 -LEADER
fixed length control field 00331nam a22001457a 4500
003 - CONTROL NUMBER IDENTIFIER
control field OSt
005 - DATE AND TIME OF LATEST TRANSACTION
control field 20211227155653.0
008 - FIXED-LENGTH DATA ELEMENTS--GENERAL INFORMATION
fixed length control field 211227b |||||||| |||| 00| 0 eng d
020 ## - INTERNATIONAL STANDARD BOOK NUMBER
International Standard Book Number 0748761470
040 ## - CATALOGING SOURCE
Transcribing agency HU
082 ## - DEWEY DECIMAL CLASSIFICATION NUMBER
Classification number 004
100 ## - MAIN ENTRY--PERSONAL NAME
Personal name Bradley Ray
9 (RLIN) 25567
245 ## - TITLE STATEMENT
Title Understanding Computer Science
942 ## - ADDED ENTRY ELEMENTS (KOHA)
Source of classification or shelving scheme Dewey Decimal Classification
Koha item type Books like text book referance book
Suppress in OPAC No
Holdings
Withdrawn status Lost status Source of classification or shelving scheme Damaged status Not for loan Home library Current library Shelving location Date acquired Total Checkouts Full call number Barcode Date last seen Price effective from Koha item type Copy number
    Dewey Decimal Classification     IoT Library IoT Library General Stacks 12/27/2021   004/BRA/2001 IOTL0000371 12/27/2021 12/27/2021 Books like text book referance book  
    Dewey Decimal Classification     IoT Library IoT Library General Stacks 04/11/2024   004/BRA/2001 IOTL0000375 04/11/2024 04/11/2024 Books like text book referance book 2
    Dewey Decimal Classification     IoT Library IoT Library General Stacks 04/11/2024   004/BRA/2001 IOTL0000376 04/11/2024 04/11/2024 Books like text book referance book 3